Câu hỏi và bài tập vi sinh học
Trình bày các câu hỏi và bài tập, cùng các gợi ý lời giải về: vi sinh vật, đối tượng của vi sinh học, tế bào học vi sinh vật, virut học, dinh dưỡng, sinh trưởng và phát triển của vi sinh vật, chuyển hoá vật chất và năng lượng ở vi sinh vật, các quá trình lên men, vi khuẩn quang hợp và cố định N2, di...
Gorde:
| Egile nagusia: | |
|---|---|
| Formatua: | Liburua |
| Hizkuntza: | Vietnamese |
| Argitaratua: |
H.
Đại học Sư phạm
2013
|
| Edizioa: | Tái bản lần thứ 1 |
| Gaiak: | |
| Etiketak: |
Etiketa erantsi
Etiketarik gabe, Izan zaitez lehena erregistro honi etiketa jartzen!
|
| Thư viện lưu trữ: | Mạng thư viện Đại học Đà Nẵng |
|---|
| LEADER | 01636nam a2200361 4500 | ||
|---|---|---|---|
| 001 | 000025184 | ||
| 003 | 21677 | ||
| 005 | 20170524160502.0 | ||
| 008 | 170524s2013 viesd | ||
| 020 | |c 46000 | ||
| 041 | 0 | |a vie | |
| 082 | 1 | 4 | |a 597.076 |b NG-Đ |
| 100 | 1 | |a Nguyễn Thành Đạt | |
| 245 | 1 | 0 | |a Câu hỏi và bài tập vi sinh học |c Nguyễn Thành Đạt |
| 250 | |a Tái bản lần thứ 1 | ||
| 260 | |a H. |b Đại học Sư phạm |c 2013 | ||
| 300 | |a 206 tr. |b hình vẽ, bảng |c 24 cm. | ||
| 504 | |a Thư mục: tr. 205 | ||
| 520 | 3 | |a Trình bày các câu hỏi và bài tập, cùng các gợi ý lời giải về: vi sinh vật, đối tượng của vi sinh học, tế bào học vi sinh vật, virut học, dinh dưỡng, sinh trưởng và phát triển của vi sinh vật, chuyển hoá vật chất và năng lượng ở vi sinh vật, các quá trình lên men, vi khuẩn quang hợp và cố định N2, di truyền và biến dị ở vi sinh vật, truyền nhiễm, miễn dịch và đối kháng | |
| 650 | 0 | 4 | |a Vi sinh học |v Bài tập |x Bài tập |
| 653 | |a Vi sinh học | ||
| 653 | |a Bài tập | ||
| 653 | |a Câu hỏi | ||
| OWN | |a LSP | ||
| AVA | |a UDN50 |b LSP |d 597.076 NG-Đ |e check_holdings |t Error 5003 Not defined in file expand_doc_bib_avail. |h N |k 1 | ||
| 999 | |a From the UDN01 | ||
| AVA | |a UDN50 |b LSP |d 597.076 NG-Đ |e available |t Error 5001 Not defined in file expand_doc_bib_avail. |f 30 |g 3 |h N |i 23 |k 1 | ||
| TYP | |a Monograph | ||
| TYP | |a Printed language | ||
| 980 | |a Mạng thư viện Đại học Đà Nẵng | ||